[Event "Sentjur Ipavec Memorial 10th"]
[Site "Sentjur"]
[Date "2009.09.??"]
[Round "9"]
[White "Golob, Hubert"]
[Black "Brinovec, Dusan"]
[Result "0-1"]
[WhiteElo "1928"]
[BlackElo "2230"]
[PlyCount "56"]
[EventDate "2009.09.??"]
[EventType "swiss"]
[EventRounds "9"]
[EventCountry "SLO"]
[SourceTitle "CBM 132 Extra"]
[Source "ChessBase"]
[SourceDate "2009.11.03"]
[SourceVersion "1"]
[SourceVersionDate "2009.11.03"]
[SourceQuality "1"]

1. d4 Nf6 2. e3 e6 3. Bd3 d5 4. f4 Ne4 5. Nf3 Nd7 6. Nbd2 f5 7. c3 Be7 8. 0-0 0-0 9. Ne5 Nxe5 10. fxe5 c5 11. Rf3 Bd7 12. Rh3 Be8 13. Nxe4 fxe4 14. Be2 Bg6 15. Bd2 Qb6 16. b3 Rf7 17. Be1 Rc8 18. Rc1 cxd4 19. cxd4 Rxc1 20. Qxc1 Bf8 21. Qd1 Rc7 22. g4 Qc6 23. a4 Qc1 24. Bd2 Qb2 25. Kf1 Rc2 26. Ke1 Qxb3 27. g5 Qb2 28. Rg3 Rxd2 0-1

[Event "Sentjur Ipavec Memorial 10th"]
[Site "Sentjur"]
[Date "2009.09.??"]
[Round "7"]
[White "Urbanc, Peter"]
[Black "Golob, Hubert"]
[Result "1-0"]
[WhiteElo "1799"]
[BlackElo "1928"]
[PlyCount "124"]
[EventDate "2009.09.??"]
[EventType "swiss"]
[EventRounds "9"]
[EventCountry "SLO"]
[SourceTitle "CBM 132 Extra"]
[Source "ChessBase"]
[SourceDate "2009.11.03"]
[SourceVersion "1"]
[SourceVersionDate "2009.11.03"]
[SourceQuality "1"]

1. c4 c5 2. g3 g6 3. Bg2 Bg7 4. Nf3 Nf6 5. 0-0 0-0 6. Nc3 Nc6 7. Rb1 d6 8. a3 Ne8 9. b4 Bf5 10. Rb3 Bd7 11. e3 Rb8 12. Qe2 Nc7 13. Rd1 e5 14. Nb5 e4 15. Ne1 Nxb5 16. cxb5 Be6 17. Rb2 cxb4 18. bxc6 bxa3 19. Rc2 Qa5 20. Bxa3 Qxa3 21. c7 Rbc8 22. Bxe4 d5 23. Bg2 Be5 24. d4 Bxc7 25. Ra2 Qb3 26. Rxa7 Bb8 27. Raa1 b5 28. Bf1 Bd7 29. Rdb1 Qc3 30. Nd3 Bd6 31. Rc1 Qb3 32. Rab1 Qa3 33. Ra1 Qb3 34. Nc5 Bxc5 35. dxc5 Rc7 36. Rab1 Qa4 37. Qd2 Bc6 38. Rb4 Qa6 39. Qb2 Rb8 40. Rh4 Qc8 41. Bd3 Bd7 42. Qd4 Be6 43. Qf4 f5 44. h3 b4 45. Qe5 Qd7 46. c6 Qf7 47. Rb1 b3 48. Ba6 Bc8 49. Be2 Rb6 50. Bf3 Be6 51. Rd4 Rb5 52. Qd6 Qe7 53. Qe5 Kf7 54. Kg2 Rxc6 55. Rxd5 Rcc5 56. Rxc5 Qxc5 57. Qh8 Qc2 58. Qxh7+ Kf6 59. Qh8+ Kf7 60. Rb2 Qc5 61. Rd2 Qe5 62. Qd8 Qf6 1-0

[Event "Sentjur Ipavec Memorial 9th"]
[Site "Sentjur"]
[Date "2008.11.14"]
[Round "7"]
[White "Golob, Hubert"]
[Black "Plahuta, Darko"]
[Result "0-1"]
[WhiteElo "1889"]
[BlackElo "2101"]
[PlyCount "28"]
[EventDate "2008.11.07"]
[EventType "swiss"]
[EventRounds "9"]
[EventCountry "SLO"]
[SourceTitle "EXT 2010"]
[Source "ChessBase"]
[SourceDate "2010.11.25"]
[SourceVersion "1"]
[SourceVersionDate "2010.11.25"]
[SourceQuality "1"]

1. f4 d5 2. Nf3 c5 3. g3 Nc6 4. Bg2 e6 5. c4 Nf6 6. b3 Be7 7. Bb2 0-0 8. 0-0 b6 9. Na3 Rb8 10. Nc2 Qd6 11. Nfe1 Nd7 12. Nd3 f6 13. e4 b5 14. cxb5 Rxb5 0-1

[Event "Sentjur Ipavec Memorial 9th"]
[Site "Sentjur"]
[Date "2008.11.07"]
[Round "1"]
[White "Golob, Hubert"]
[Black "Tomazini, Aljosa"]
[Result "0-1"]
[WhiteElo "1889"]
[BlackElo "2189"]
[PlyCount "94"]
[EventDate "2008.11.07"]
[EventType "swiss"]
[EventRounds "9"]
[EventCountry "SLO"]
[SourceTitle "EXT 2010"]
[Source "ChessBase"]
[SourceDate "2010.11.25"]
[SourceVersion "1"]
[SourceVersionDate "2010.11.25"]
[SourceQuality "1"]

1. Nf3 Nf6 2. g3 g6 3. b3 Bg7 4. Bb2 d6 5. d4 0-0 6. Bg2 Nbd7 7. 0-0 Rb8 8. c4 a6 9. Nbd2 c5 10. e3 b6 11. Re1 Bb7 12. d5 b5 13. e4 Re8 14. Qc2 Nh5 15. e5 Qc7 16. exd6 exd6 17. Bxg7 Nxg7 18. Nh4 Rbd8 19. f4 f5 20. Qb2 Kf7 21. Bf3 Nf6 22. h3 Bc8 23. Ng2 h6 24. Qc2 Bd7 25. Be2 Ngh5 26. Kh2 Qc8 27. Bd3 Ng7 28. g4 Rxe1 29. Rxe1 fxg4 30. Bxg6+ Kg8 31. h4 Nf5 32. Ne4 Rf8 33. Nxf6+ Rxf6 34. h5 Nd4 35. Qb2 Qf8 36. Kg3 Qg7 37. Ne3 Rxg6 38. hxg6 Nf5+ 39. Nxf5 Qxb2 40. Nxh6+ Kg7 41. f5 Qc3+ 42. Kf2 g3+ 43. Ke2 Qc2+ 44. Kf3 Qf2+ 45. Kg4 Qxe1 46. Kg5 Qe3+ 47. Kg4 Kxh6 0-1

[Event "Sentjur Ipavec Memorial 8th"]
[Site "Sentjur"]
[Date "2007.12.08"]
[Round "3"]
[White "Gorsek, Gregor"]
[Black "Golob, Hubert"]
[Result "1-0"]
[WhiteElo "1921"]
[BlackElo "1708"]
[PlyCount "77"]
[EventDate "2007.12.08"]
[EventType "swiss"]
[EventRounds "9"]
[EventCountry "SLO"]
[SourceTitle "EXT 2010"]
[Source "ChessBase"]
[SourceDate "2010.11.25"]
[SourceVersion "1"]
[SourceVersionDate "2010.11.25"]
[SourceQuality "1"]

1. e4 e5 2. Bc4 Nf6 3. Nc3 Nxe4 4. Qh5 Nd6 5. Bb3 Nc6 6. Nb5 g6 7. Qf3 f5 8. Qd5 Qe7 9. Nxc7+ Kd8 10. Nxa8 b6 11. Nxb6 axb6 12. c3 Bb7 13. Qd3 Bg7 14. Ne2 Kc7 15. Bd5 f4 16. f3 g5 17. b3 g4 18. Ba3 h5 19. Qg6 gxf3 20. gxf3 Qh4+ 21. Kd1 Bf8 22. Bxd6+ Bxd6 23. Qe4 Re8 24. b4 Ba6 25. Ng3 Ne7 26. Nf5 Nxf5 27. Qxf5 e4 28. Bxe4 Rg8 29. Kc2 Bc4 30. Rhg1 Be6 31. Qb5 Rxg1 32. Rxg1 Qxh2 33. Rg6 Qh3 34. Qa6 Be5 35. Qb7+ Kd8 36. Qxb6+ Bc7 37. Qc5 d6 38. Qg5+ Kc8 39. Rxe6 1-0

[Event "Sentjur Ipavec Memorial 8th"]
[Site "Sentjur"]
[Date "2007.12.08"]
[Round "2"]
[White "Pahole, Tjasa"]
[Black "Golob, Hubert"]
[Result "0-1"]
[WhiteElo "1531"]
[BlackElo "1708"]
[PlyCount "70"]
[EventDate "2007.12.08"]
[EventType "swiss"]
[EventRounds "9"]
[EventCountry "SLO"]
[SourceTitle "EXT 2010"]
[Source "ChessBase"]
[SourceDate "2010.11.25"]
[SourceVersion "1"]
[SourceVersionDate "2010.11.25"]
[SourceQuality "1"]

1. e4 d5 2. exd5 Qxd5 3. Nc3 Qa5 4. d4 Nf6 5. Nf3 Bg4 6. Bc4 c6 7. Qd3 e6 8. 0-0 Bd6 9. Re1 Nbd7 10. h3 Bh5 11. Bd2 Qc7 12. Bg5 0-0 13. Ne4 Nd5 14. Bxd5 cxd5 15. Nxd6 Qxd6 16. Bh4 Qb6 17. b3 Bg6 18. Qd2 Rfc8 19. Rac1 Rc6 20. c4 f6 21. cxd5 exd5 22. Rxc6 bxc6 23. Re7 Qd8 24. Re6 Rc8 25. Qe2 Kf7 26. Rd6 Qe7 27. Qxe7+ Kxe7 28. Bg3 Nf8 29. Nh4 Be8 30. Nf5+ Kf7 31. Bf4 Bd7 32. Ng3 Ke7 33. Ne2 Ne6 34. Bg3 Nc7 35. Nc3 Ne8 0-1